000 00320nam a2200121Ia 4500
008 190216s9999||||xx |||||||||||||| ||und||
100 _a"Chandrakasan Anantha , Robert Broderson"
245 0 _aComputer Low-Power Cmos Design
260 _bStandard Publishers
_c2000
300 _a629
650 _aElectronics
942 _cBK
999 _c8813
_d8813